Anagrams - Greek TV Idents - Statistics

General Stats
  • This quiz has been taken 2 times
  • The average score is 6 of 10
Answer Stats
Hint Answer % Correct
ΕΝΤ Νετ
100%
ΡΕΤ ΕΡΤ
100%
1ΤΕ ΕΤ1
100%
3ΤΕ ΕΤ3
100%
1TAN ANT1
100%
Ha Pla Alpha
50%
Game Mega
50%
Σκιά Σκάϊ
0%
Later Alter
0%
Rats Star
0%
No matching quizzes found
Score Distribution
Percent of People with Each Score
Percentile by Number Answered
Your Score History
You have not taken this quiz